On a theory of export performance: personal and organizational determinants of export trade activities observed in small and medium-sized firms.

Identifikácia determinant úspešnosti vývozu firiem, ako príspevok k teórii behaviouristicky orientovaného výskumu rozhodnutí k vývozu. Pokus o vytvorenie základnej teórie úspešnosti vývozu.

Gespeichert in:
Bibliographische Detailangaben
1. Verfasser: Holzmüller, H.H
Weitere Verfasser: Kasper, H.
Format: Buchkapitel
Sprache:Englisch
Schlagworte:
Tags: Tag hinzufügen
Keine Tags, Fügen Sie das erste Tag hinzu!

MARC

LEADER 00000naa a2200000 4500
001 r006096
005 20221130113138.7
041 0 |a eng 
044 |a DE 
245 1 0 |a On a theory of export performance: personal and organizational determinants of export trade activities observed in small and medium-sized firms.  |c H.H. Holzmüller, H. Kasper 
520 |a Identifikácia determinant úspešnosti vývozu firiem, ako príspevok k teórii behaviouristicky orientovaného výskumu rozhodnutí k vývozu. Pokus o vytvorenie základnej teórie úspešnosti vývozu. 
610 2 0 |a podnik malý 
610 2 0 |a podnik stredný 
610 2 0 |a vývoz 
610 2 0 |a efektívnosť 
610 2 0 |a výskum ekonomický 
610 2 0 |a obchod zahraničný 
610 2 0 |a modely obchodu zahraničného 
100 1 |a Holzmüller, H.H. 
700 1 |a Kasper, H.